| 000 | 00522nam a2200181Ia 4500 | ||
|---|---|---|---|
| 999 |
_c1877 _d1877 |
||
| 003 | OSt | ||
| 005 | 20201001093528.0 | ||
| 008 | 190216s9999||||xx |||||||||||||| ||und|| | ||
| 020 | _a9788184871104 | ||
| 040 | _coclc | ||
| 082 |
_a660.65 _bJAI/R |
||
| 100 |
_aJain, Monika _94269 |
||
| 245 | 0 |
_aRecombinant Dna Techniques A Textbook / _cMonika Jain |
|
| 260 |
_bNarosa Publishing House, _c2012. _aNew Delhi: |
||
| 300 | _a241p | ||
| 650 | _aBotany | ||
| 942 |
_cBK _2ddc _h660.65 _iJAI/R _k660.65 _mJAI/R |
||